000 00434nam a2200181Ia 4500
005 20250423095106.0
008 250422s9999 xx 000 0 und d
020 _a0-435-27220-9
050 _aPZ 7 .S76 D73/
100 _aStoker, Bram
245 0 _aDracula
260 _aOxford
260 _bMacmillan
260 _c2002
300 _a63 p
650 _aEnglish language -- Study and teaching Readers - Level 4
942 _cBK
999 _c29216
_d29216